The international economics of development : theory and policy
Αποθηκεύτηκε σε:
| Κύριος συγγραφέας: | |
|---|---|
| Μορφή: | Βιβλίο |
| Γλώσσα: | English |
| Δημοσίευση: |
New York, Evanston :
Harper & Row,Publishers,
1968
|
| Θέματα: | |
| Ετικέτες: |
Προσθήκη ετικέτας
Δεν υπάρχουν, Καταχωρήστε ετικέτα πρώτοι!
|
MARC
| LEADER | 00000nam a2200000 i 4500 | ||
|---|---|---|---|
| 001 | 1/19752 | ||
| 008 | 960702s1968 eng d | ||
| 035 | |l 10021388 | ||
| 040 | |a GR-MY-UA |b gre |e aacr | ||
| 041 | 0 | |a eng | |
| 082 | 0 | |a 337 | |
| 100 | 1 | |a Meier, Gerald M. | |
| 245 | 1 | 4 | |a The international economics of development : |b theory and policy / |c Gerald M.Meier |
| 260 | |a New York, Evanston : |b Harper & Row,Publishers, |c 1968 | ||
| 300 | |a 338 p. | ||
| 500 | |a Includes index | ||
| 500 | |a A revised and expanded edition of International Trade and Development | ||
| 650 | 0 | 0 | |a International economic relations. |
| 650 | 0 | 0 | |a International trade. |
| 852 | |a INST |b CHIOS |e 19960702 |h 337 MEI |p 005200007340 |q 005200007340 |t BK |y 0 | ||
| 909 | |a Χ |b 013321 | ||